000 00859nam2a22002411 4500
001 v19\rc\1258783
005 20251226134210.0
035 _a(NLR Aleph) 004413558
090 _a4039561
_c4039561
100 _a20060306d1892 u y0rusy50 ca
101 0 _arus
102 _aRU
105 _ay z |||||
200 1 _aО дарах божественной благодати
210 _d1892
215 _a8 с.
461 0 _1001v19\rc\1258768
_12001#$aГлинская Богородицкая книжка$v№ 16-й$90
_94039360
_cКурск
_d1892
_e2-е изд.
_nтипо-лит. К.П. Протодиаконова и И.С. Ванина
_tГлинская Богородицкая книжка
_v№ 16-й$90
801 0 _aRU
_bNLR
_gpsbo
801 1 _aRU
_bProSoft-M
_2rusmarc
852 _aNLR
_j18.93.6.342
942 _cBOOK
980 _aNB